000 00615nam a2200217Ia 4500
003 OSt
005 20220928133223.0
006 a|||||r|||| 00| 0
007 ta
008 220927b |||||||| |||| 00| 0 eng d
024 _a54753
037 _cTextual
040 _aSDCL
_cSDCL
_beng
041 _2eng
_aeng
082 _aO152,3N242:g(Y31), P4
100 _aChauhan V P
_9484814
245 0 _aRamdarash Mishra ke katha sahitya men gramya jeevan.
260 _aKanpur
_bChantan Prakashan
_c2004
942 _hO152,3N242:g(Y31), P4
_cTEXL
_2CC
999 _c798373
_d798373